Pobreza y desigualdad de género
Shranjeno v:
| Glavni avtor: | |
|---|---|
| Format: | Knjiga |
| Jezik: | španščina |
| Izdano: |
Santiago
Sernam
1999
|
| Serija: | Documento, 60
|
| Teme: | |
| Oznake: |
Označite
Brez oznak, prvi označite!
|
MARC
| LEADER | 00000nam a2200000 a 4500 | ||
|---|---|---|---|
| 001 | UCO2425 | ||
| 003 | CL-VaPUC | ||
| 008 | 000602e19990000CL |||||||||||||||||spa|d | ||
| 082 | 0 | 4 | |a 304.5 |b BRA |2 21 |
| 100 | 0 | |a Bravo, Rosa |e author |9 445579 | |
| 245 | 1 | 0 | |a Pobreza y desigualdad de género |
| 300 | |a 59 p | ||
| 942 | |c BK | ||
| 945 | |d 20000602 00:00:00 |a rbrito | ||
| 260 | |a Santiago |b Sernam |c 1999 | ||
| 650 | 0 | |a Mujeres |9 257649 | |
| 650 | 0 | |a Mujeres trabajadoras |9 259236 | |
| 650 | 0 | |a Pobreza |9 258652 | |
| 650 | 0 | |a Discriminación |9 335101 | |
| 650 | 0 | |a Calidad de vida |9 322944 | |
| 583 | |a last modification |c 20000602 00:00:00 |k Rodrigo Vera | ||
| 490 | 0 | |a Documento, 60 | |
| 999 | |c 288937 |d 288935 | ||
| 952 | |0 0 |1 0 |4 0 |6 304_500000000000000_BRA_1999 |7 0 |8 P |9 336942 |a BIBGIM |b BIBGIM |d 2019-11-20 |i 3625494 |o 304.5 BRA 1999 |p 3625494 |r 2025-01-15 |w 2019-11-20 |y BK |k GIM | ||